000 01278cam a22002055a 4500
001 L139635
008 070801s2007 xxko f 000 0 eng d
035 _a(Sirsi) u139635
041 0 _aeng
050 0 4 _a711.552 $2 18
110 2 _aBCSC Research
_95297
245 0 0 _aFuture of retail property
_bfuture shopping places
_h[electronic resource]
260 _aLondon
_bBCSC
_c2007
520 _aConsiders current influences on the UK shopping market. Seeks to explore the kind of shopping environments which may be prevalent in the next decade. Shopping areas are entering the most significant period of renewal and regeneration yet seen. A number of new factors are influencing the design of shopping centres. Competition from e-tailing is creating the need for greater convenience. Demographics and consumer behaviour are changing. Transport is an evolving factor and accessibility is key. Integration with urban design policies is desirable. Environmental concerns and technological advance are also affecting the shopping experience.
590 _aKA
651 4 _aUnited Kingdom
_y
690 _aPROPERTY-COMMERCIAL PROPERTY-RETAIL PROPERTY
856 4 0 _uhttps://www.bcsc.org.uk/research/FORP/index.htm
_zView the item free of charge at www.bcsc.org.uk...
942 _n0
999 _c107322
_d107322